00776 a2200193 4500010001400000020002200014035001300036037001800049082001100067090001500078100002000093245009100113260007100204270010700275300002600382942002600408999001500434952013300449 aENG-85412 c15.00a8172084633 aEN-68945 bD.B.Act / Pub14a230.52 c2458d24581 aSathya Sai Baba1 aAti rudra maha yajnacby Sathya Sai Bababdivine discourses from 9th to 19th Aug. 2006 aPrasanthi NilayambSri Sathya Sai Books & Publications Trustc2006 aAnantapur Disitrict,bPrasanthi Nilayam , Andhra Pradeshe515 134k091-08555-287375l091-08555-287236 a121 p.c18 cm. (Pbk.) adplcENk230.52 / SAT c2417d2417 00102ddc40718NFICaDBADbDBADeDBAD/PUBg15.00l0o230.52 SATpEN-68945r2008-09-15 00:00:00t1u2551v15.00w2008-09-15yEN